LEADER 02993aam 2200421 n 450 001 9910904071603321 005 20250618102223 024 $ahttps://doi.org/10.18778/8331-472-3 035 $a(CKB)5600000000880738 035 $a(ceeol)ceeol1264617 035 $a(CEEOL)1264617 035 $a(EXLCZ)995600000000880738 100 $a20252218d2024 ||l | 101 0 $apol 200 0 $aMetody i techniki prowadzenia konsultacji spo?ecznych 210 $a?ód? [Poland] $cWydawnictwo Uniwersytetu ?ódzkiego$d2024 215 $a1 online resource (1 p. 288) 311 08$a83-8331-472-8 330 $aThe problems faced by individuals responsible for conducting social consultations are quite common, regardless of the consultation's subject, the type of institution or the locality organizing it. This publication describes these problems and proposes solutions. The authors are sociologists specializing in the methodology of social research, with experience in planning and conducting consultations and analyzing their results in collaboration with local governments, state institutions, non-governmental organizations, universities, cultural institutions, and informal groups.Readers interested in the issues of social consultations will receive not only practical guidance on specific consultation tools, but also an explanation of why certain actions are better performed in a particular way. An additional advantage is a meta-analysis of consultation methods and techniques, as well as a review of examples of innovative and common practices. All of this is filtered through methodological rules. The authors do not only present various consultation techniques and tools, but also propose a new classification of these techniques, grouping them based on several essential dimensions: the way consultation participants' statements are recorded and the nature of the conclusions drawn, standardization of procedures, requirements for organizers and participants, relations between them, or consultation procedures.Although practitioners of consultations can benefit from this book, it still maintains a scientific character. The discussed issues are approached systematically, methodically, critically and comprehensively, serving as an impetus for scientific reflections, in-depth studies, or research projects. 606 $aSocial sciences 606 $aEconomy 606 $aEconomic development 606 $aSocio-Economic Research 615 0$aSocial sciences. 615 0$aEconomy 615 0$aEconomic development 615 0$aSocio-Economic Research 702 $aBrzezi?ski$b Kamil 702 $aKretek-Kami?ska$b Agnieszka 702 $aKrzewi?ska$b Aneta 702 $aZaj?c$b Julia 712 02$aCentral and Eastern European Online Library 801 0$bceeol 801 1$bceeol 906 $aBOOK 912 $a9910904071603321 996 $aMetody i techniki prowadzenia konsultacji spo?ecznych$94289225 997 $aUNINA